000 01664cam a22003734a 4500
001 14095091
003 NUST-PNEC
005 20170116180849.0
008 050901s2007 nyua 001 0 eng
010 _a 2005054228
015 _aGBA596917
_2bnb
016 7 _a013337688
_2Uk
020 _a0471736961 (alk. paper)
020 _a9780471736967 (alk. paper)
035 _a(OCoLC)ocm61463872
040 _aDLC
_cLIBRARY
_dYDX
_dBAKER
_dUKM
_dDLC
042 _apcc
050 0 0 _aTA403
_b.C23 2007
082 0 0 _a620.11 CAL
100 1 _aCallister, William D.,
_cJr.,
_d1940-
245 1 0 _aMaterials science and engineering :an introduction /
_cWilliam D. Callister, Jr.
250 _a7th ed.
260 _aNew York :
_bJohn Wiley & Sons,
_cc2007.
300 _axxv, 721, A41, G14, S5, I22 p. :
_bill. (some col.) ;
_c27 cm.
500 _aIncludes index. http://www.amazon.com/Materials-Science-Engineering-William-Callister/dp/0471736961/ref=sr_1_1?s=books&ie=UTF8&qid=1399015602&sr=1-1&keywords=0471736961
504 _aIncludes bibliographical references and index.
650 0 _aMaterials.
_xME
856 4 2 _3Publisher description
_uhttp://www.loc.gov/catdir/enhancements/fy0625/2005054228-d.html
856 4 1 _3Table of contents only
_uhttp://www.loc.gov/catdir/enhancements/fy0625/2005054228-t.html
856 4 2 _3Contributor biographical information
_uhttp://www.loc.gov/catdir/enhancements/fy0814/2005054228-b.html
906 _a7
_bcbc
_corignew
_d1
_eocip
_f20
_gy-gencatlg
942 _2ddc
_cBK
999 _c64554
_d64554